Normal view
MARC view
- Mahmood, Hamid
Entry Personal Name
001 - CONTROL NUMBER
- control field: 120041
003 - CONTROL NUMBER IDENTIFIER
- control field: NUST
005 - DATE AND TIME OF LATEST TRANSACTION
- control field: 20240123102348.0
008 - FIXED-LENGTH DATA ELEMENTS
- fixed length control field: 240123|| aca||aabn | a|a d
040 ## - CATALOGING SOURCE
- Original cataloging agency: NUST
- Transcribing agency: NUST
100 ## - HEADING--PERSONAL NAME
- Personal name: Mahmood, Hamid
670 ## - SOURCE DATA FOUND
- Source citation: Work cat.: (NUST): Mahmood, Hamid, APU Design and Project Scheduling /
